Statistics for Al Pacino Oscar Nominated Roles

Click here to take the quiz!

General Stats

  • This quiz has been taken 31 times
  • The average score is 6 of 9

Answer Stats

Release YearMovie% Correct
1972The Godfather
97%
2019The Irishman
90%
1992Scent of a Woman
87%
1974The Godfather Part II
87%
1975Dog Day Afternoon
80%
1973Serpico
67%
1990Dick Tracy
43%
1979...and justice for all.
30%
1992Glengarry Glen Ross
30%

Score Distribution

Percentile by Number Answered

Percent of People with Each Score

Your Score History

You have not taken this quiz